Estudios virreynales (Record no. 61101)

MARC details
000 -LEADER
campo de control de longitud fija 00734nam a2200181 i 4500
001 - NÚMERO DE CONTROL
campo de control 61101
003 - IDENTIFICADOR DE NÚMERO DE CONTROL
campo de control ES-MaACL
005 - FECHA Y HORA DE LA ÚLTIMA TRANSACCIÓN
campo de control 20230906164354.0
007 - CAMPO FIJO DE DESCRIPCIÓN FÍSICA--INFORMACIÓN GENERAL
campo de control de longitud fija t|
008 - DATOS DE LONGITUD FIJA--INFORMACIÓN GENERAL
campo de control de longitud fija 031110s1975 mx ||||1| spa d
111 2# - ENTRADA PRINCIPAL--NOMBRE DE CONGRESO/REUNIÓN
Nombre de congreso/reunión o jurisdicción como elemento de entrada Congreso Mexicano-Centroamericano de Historia (
Número del congreso/reunión o número de parte o sección 1º.
Fecha del congreso o de la firma del tratado 1969.
Sede del congreso/Lugar de la reunión México)
9 (RLIN) 164627
245 10 - MENCIÓN DEL TÍTULO
Título Estudios virreynales
Resto del título : (Memoria del Primer Congreso Mexicano-Centroamericano de Historia, volúmen III) /
Mención de responsabilidad, etc. prólogo, notas y dirección editorial Luis Rublúo.
260 ## - PUBLICACIÓN, DISTRIBUCIÓN, ETC.
Lugar de publicación, distribución, etc. México :
Nombre del editor, distribuidor, etc. Sociedad Mexicana de Geografía y Estadística,
Fecha de publicación, distribución, etc. 1975.
300 ## - DESCRIPCIÓN FÍSICA
Extensión XXXVI, 347 p. :
Otras características físicas il. ;
Dimensiones 24 cm.
651 #4 - PUNTO DE ACCESO ADICIONAL DE MATERIA--NOMBRE GEOGRÁFICO
Nombre geográfico América española-
Subdivisión general Historia.
9 (RLIN) 7723
700 1# - ENTRADA AGREGADA--NOMBRE PERSONAL
Nombre de persona Rubluo, Luis.
9 (RLIN) 100462
852 ## - LOCALIZACIÓN
Ubicación ES-MaACL
Número de control de estantería E-8559
Sublocalización o colección R.92963
Holdings
Estatus retirado Estado de pérdida Estado de daño No para préstamo Biblioteca de origen Biblioteca actual Ubicación en estantería Fecha de adquisición Fuente de adquisición Total de préstamos Signatura topográfica completa Código de barras Visto por última vez Precio de reemplazo Tipo de ítem Koha
        Biblioteca del Ateneo de Madrid Biblioteca del Ateneo de Madrid Depósito 2 17/01/2008     E-8559 1064072 23/02/2023 23/02/2023 Libro impreso